| 000 | 00412pab a2200157 454500 | ||
|---|---|---|---|
| 008 | 180718b2013 xxu||||| |||| 00| 0 eng d | ||
| 100 | _aPratap, Kumar V. | ||
| 245 | _aRenegotiations in long - term infrastructure contracts | ||
| 260 | _c2013 | ||
| 300 | _ap.14-16. | ||
| 362 | _a14 Sep | ||
| 650 | _aInfrastructure development | ||
| 773 | _aEconomic and Political Weekly | ||
| 908 | _aN | ||
| 909 | _a103236 | ||
| 999 |
_c103232 _d103232 |
||